Building systems, industrialization and architecture (Record no. 78949)
[ view plain ]
| 000 -LEADER | |
|---|---|
| fixed length control field | 00665nam a2200145 a 4500 |
| 008 - FIXED-LENGTH DATA ELEMENTS--GENERAL INFORMATION | |
| fixed length control field | 120416s1981 ||||||||||||||||| || u |
| 050 ## - LIBRARY OF CONGRESS CALL NUMBER | |
| Classification number | TH 1000 Rus |
| 100 ## - MAIN ENTRY--PERSONAL NAME | |
| Personal name | Russell, Barry |
| 245 10 - TITLE STATEMENT | |
| Title | Building systems, industrialization and architecture |
| 260 ## - PUBLICATION, DISTRIBUTION, ETC. | |
| Place of publication, distribution, etc. | London |
| Name of publisher, distributor, etc. | John Wiley and Sons |
| Date of publication, distribution, etc. | 1981 |
| 300 ## - PHYSICAL DESCRIPTION | |
| Extent | xii, 758p. : ill. |
| 350 ## - | |
| -- | 0.00 |
| 995 ## - | |
| -- | ANNEX COLLECTION (Main Library) |
| -- | 0.00 |
| -- | 708656 |
| -- | CBU-MAIN LIBRARY (Kitwe) |
| -- | 1 |
| -- | 37.00 |
| -- | TH 1000 Rus |
| -- | 1 |
| -- | AVAILABLE |
| -- | 014891 |
| -- | Annex Low-Usage Collection |
| 995 ## - | |
| -- | ANNEX COLLECTION (Main Library) |
| -- | 0.00 |
| -- | 708655 |
| -- | CBU-MAIN LIBRARY (Kitwe) |
| -- | 2 |
| -- | 37.00 |
| -- | TH 1000 Rus |
| -- | 2 |
| -- | AVAILABLE |
| -- | 014892 |
| -- | Annex Low-Usage Collection |
| 999 ## - | |
| -- | 78949 |
| -- | 78949 |
No items available.